000 00360 a2200169 4500
001 191426
020 _a85-262-1539-6
040 _cMagnum
100 _aRios, Rosana
240 1 0 _aA terrĂ­vel arma verde
_lpor
245 1 0 _aA terrĂ­vel arma verde
300 _a30
362 0 _a1997
440 1 _aScipione
697 _aLITERATURA INFANTO
942 _cBK
999 _c191426
_d191426